| 000 | 00585 a2200157 4500 | ||
|---|---|---|---|
| 003 | Nust | ||
| 005 | 20221206111051.0 | ||
| 040 | _cNust | ||
| 082 | _a530, MOO | ||
| 100 |
_aH. Moore _9104201 |
||
| 245 |
_aA textbook of intermediate physics _c Moore,H |
||
| 260 |
_aLondon _bMethuen and company ltd _c1923 |
||
| 300 | _ax: 826p | ||
| 505 | _aPart.1- Properties of Mater (Page-17) ,Part.2- Heat (Page-161), Part.3- Sound (Page-303), Part.4- Light (Page-371), Part.5- Magnetism (Page-499), Part.6-Static Electricity (Page-561), Part.7-Current Electricity (Page-623). | ||
| 942 |
_2ddc _cBK |
||
| 999 |
_c194198 _d194198 |
||